Opening Day Lineups: Boston Red Sox - Statistics

General Stats
  • This quiz has been taken 1,118 times
    27 since last reset
  • The average score is 36 of 78
Answer Stats
# Starts Answer % Correct
1 Roman Anthony
96%
3 Jarren Duran
92%
4 Trevor Story
92%
1 Caleb Durbin
84%
2 Connor Wong
84%
6 David Ortiz
84%
3 Ceddanne Rafaela
80%
2 Chris Sale
80%
5 J.D. Martinez
80%
5 Mookie Betts
80%
8 Rafael Devers
80%
1 Willson Contreras
80%
2 Wilyer Abreu
80%
8 Dustin Pedroia
76%
2 Garrett Crochet
76%
7 Jackie Bradley Jr.
76%
1 Omar Narváez
72%
9 Xander Bogaerts
72%
1 Victor Martinez
68%
1 Alex Bregman
64%
3 Triston Casas
64%
3 Adrian Gonzalez
60%
4 Andrew Benintendi
60%
5 Christian Vazquez
60%
4 Hanley Ramirez
60%
1 Marwin Gonzalez
60%
1 David Price
52%
4 Jacoby Ellsbury
52%
1 J.D. Drew
52%
2 Bobby Dalbec
48%
3 Enrique Hernández
48%
4 Jon Lester
48%
3 Kevin Youkilis
48%
1 Sandy Leon
48%
3 Alex Verdugo
44%
1 Brayan Bello
44%
2 Eduardo Nunez
44%
2 Mitch Moreland
44%
1 Hunter Renfroe
40%
1 Isiah Kiner-Falefa
40%
3 Jarrod Saltalamacchia
40%
2 Masataka Yoshida
40%
3 Nathan Eovaldi
40%
1 Adam Duvall
36%
1 Adrian Beltre
36%
1 Carl Crawford
36%
1 Josh Beckett
36%
2 Pablo Sandoval
36%
1 Rick Porcello
36%
1 Christan Arroyo
32%
1 Jonny Gomes
32%
1 Kristian Campbell
32%
2 Mike Napoli
32%
2 Shane Victorino
32%
1 Tyler O'Neill
32%
2 Will Middlebrooks
32%
1 Clay Buchholz
28%
1 Corey Kluber
28%
1 Daniel Nava
28%
1 Brock Holt
24%
1 Justin Turner
24%
1 Mike Carp
24%
1 Reese McGuire
24%
1 Blake Swihart
20%
1 Cody Ross
20%
1 Emmanuel Valdez
20%
1 Kevin Pillar
20%
2 Marco Scutaro
20%
1 Mike Aviles
20%
2 Mike Cameron
20%
1 Ryan Hanigan
20%
1 A.J. Pierzynski
16%
1 Jose Peraza
16%
1 Jose Iglesias
12%
1 Michael Chavis
12%
1 Ryan Sweeney
12%
1 Grady Sizemore
8%
1 Travis Shaw
4%
No matching quizzes found
Score Distribution
Percent of People with Each Score
Percentile by Number Answered
Your Score History
You have not taken this quiz since the last reset